000 00210nam a2200097Ia 4500
008 190216s9999||||xx |||||||||||||| ||und||
100 _aNagavalli
245 0 _aMahacharithamala 82
260 _bNull
942 _cBK
999 _c25575
_d25575